BASICS OF ATMOSPHERIC SCIENCE (Record no. 216964)

MARC details
000 -LEADER
fixed length control field 00503nam a22001817a 4500
008 - FIXED-LENGTH DATA ELEMENTS--GENERAL INFORMATION
fixed length control field 260415b |||||||| |||| 00| 0 eng d
020 ## - INTERNATIONAL STANDARD BOOK NUMBER
International Standard Book Number 978-93-91818-24-1
050 ## - LIBRARY OF CONGRESS CALL NUMBER
Classification number QC 861 .C43 2024
100 ## - MAIN ENTRY--PERSONAL NAME
Personal name CHANDRASEKAR, A.
245 ## - TITLE STATEMENT
Title BASICS OF ATMOSPHERIC SCIENCE
250 ## - EDITION STATEMENT
Edition statement 2ND
260 ## - PUBLICATION, DISTRIBUTION, ETC.
Place of publication, distribution, etc. DELHI
Name of publisher, distributor, etc. PHI LEARNING PRIVATE LIMITED
Date of publication, distribution, etc. 2024
300 ## - PHYSICAL DESCRIPTION
Extent ILL, XX 472P
500 ## - GENERAL NOTE
General note INCLUDES INDEX
650 ## - SUBJECT ADDED ENTRY
Topical term or geographic name entry element 1. ATMOSPHERIC SCIENCE 2. METEOROLOGY
942 ## - ADDED ENTRY ELEMENTS (KOHA)
Source of classification or shelving scheme Library of Congress Classification
Koha item type Long Loan Book
Holdings
Withdrawn status Lost status Source of classification or shelving scheme Damaged status Not for loan Collection Home library Current library Shelving location Date acquired Inventory number Total checkouts Full call number Barcode Date last seen Copy number Price effective from Koha item type
    Library of Congress Classification     Science & Technology Kisii University Library Kisii University Library On Display 04/15/2026 112944   QC 861 .C43 2024 A000564 04/15/2026 1 04/15/2026 Long Loan Book
    Library of Congress Classification     Science & Technology Kisii University Library Kisii University Library On Display 04/15/2026 112945   QC 861 .C43 2024 A000565 04/15/2026 2 04/15/2026 Long Loan Book
    Library of Congress Classification     Science & Technology Kisii University Library Kisii University Library On Display 04/15/2026 112946   QC 861 .C43 2024 A000563 04/15/2026 3 04/15/2026 Long Loan Book
    Library of Congress Classification     Science & Technology Kisii University Library Kisii University Library On Display 04/15/2026 112947   QC 861 .C43 2024 A000562 04/15/2026 4 04/15/2026 Long Loan Book